00398nam a2200121Ia 4500008004000000020001800040082001900058100002300077245008000100260004100180300000800221650004700229210210b1987 xxu||||| |||| 00| 0 eng d a0 07 099181 2 a621.38195 TOKS aTOKHEIM (Roger L). aSchaum's outline series theory and problems of microprocessor fundamentals. aNew York.bMcGraw-Hill Book Coc1987 a378 aSchaum's Theory Problems Microprocessors